This year's models (Record no. 79722)
[ view plain ]
| 000 -LEADER | |
|---|---|
| fixed length control field | 00942cab a22001935a 4500 |
| 001 - CONTROL NUMBER | |
| control field | L142072 |
| 008 - FIXED-LENGTH DATA ELEMENTS--GENERAL INFORMATION | |
| fixed length control field | 080123s2008 xxk f 000 0 eng d |
| 035 ## - SYSTEM CONTROL NUMBER | |
| System control number | (Sirsi) u142072 |
| 041 0# - LANGUAGE CODE | |
| Language code of text/sound track or separate title | eng |
| 100 1# - MAIN ENTRY--PERSONAL NAME | |
| Personal name | Young, Giselle |
| 245 00 - TITLE STATEMENT | |
| Title | This year's models |
| 260 ## - PUBLICATION, DISTRIBUTION, ETC. | |
| Date of publication, distribution, etc. | 2008 |
| 490 #0 - SERIES STATEMENT | |
| Series statement | Project |
| Volume/sequential designation | 20(3) December 2007/January 2008, 30-31(2) |
| 520 ## - SUMMARY, ETC. | |
| Summary, etc. | Examines the Association of Project Management's official guide on project management models, "Models to improve the management of projects". The guide streamlines the plethora of project management models down to six workable frameworks; Capability Maturity Model Integration, PRINCE2 Maturity Model, Programme Management Maturity Model, Portfolio, Programme and Project Management Maturity Model, Organisational Project Management Maturity Model, and Project Excellence Model. |
| 590 ## - LOCAL NOTE (RLIN) | |
| Local note | KA |
| 651 #4 - SUBJECT ADDED ENTRY--GEOGRAPHIC NAME | |
| Geographic name | United Kingdom |
| Chronological subdivision | |
| 690 ## - LOCAL SUBJECT ADDED ENTRY--TOPICAL TERM (OCLC, RLIN) | |
| Topical term or geographic name as entry element | Project management |
| 9 (RLIN) | 6261 |
| 942 ## - ADDED ENTRY ELEMENTS (KOHA) | |
| Suppress in OPAC | 0 |
| Withdrawn status | Lost status | Source of classification or shelving scheme | Damaged status | Not for loan | Home library | Current library | Shelving location | Date acquired | Total Checkouts | Full call number | Barcode | Date last seen | Copy number | Price effective from | Koha item type |
|---|---|---|---|---|---|---|---|---|---|---|---|---|---|---|---|
| Dewey Decimal Classification | London | London | Journal article | 23/01/2008 | L142072 | 142072-1001 | 06/08/2019 | 1 | 06/08/2019 | Journal article |